000 00444nam a22001817a 4500
003 MPLRDC
005 20220104114334.0
008 210129b ||||| |||| 00| 0 eng d
020 _a962-447-301-3
082 _a857.623 ZY-4 v.10
100 _a张宇
245 _a赶鬼入穷巷
_c
260 _a
_b勤加缘出版社
_c1993
300 _b
490 _a张宇玄幺系列. 10
650 _a灵异小说
942 _cBK
_o857.623 ZY-4 v.10
999 _c6711
_d6701